Comparisons between extension systems in Taiwan and USA ; and an aquaculture development plan for Taiwan /

Bibliographic Details
Main Author: Chu, Tah-Wei, 1955-
Format: Thesis eBook
Language:English
Published: [Place of publication not identified] : [publisher not identified] ; 1986.
Subjects:
Online Access:Link to OAKTrust copy

MARC

Tag First Indicator Second Indicator Subfields
LEADER 00000cam a2200000 a 4500
001 in00000007391
005 20220103114944.0
007 cr unu a
008 880225s1986 xx a b 00010 eng d
035 |9 AAA1882AM 
035 |a (OCoLC)17540437 
040 |a TXA  |c TXA  |d UtOrBLW 
043 |a a-ch--- 
049 |a TXAZ [Also in] [Archives]  |c 1 [A09313716], 2 [A09313724] 
099 |a 1986  |a Thesis  |a C559 
100 1 |a Chu, Tah-Wei,  |d 1955- 
245 1 0 |a Comparisons between extension systems in Taiwan and USA ; and an aquaculture development plan for Taiwan /  |c by Tah-Wei Chu. 
264 1 |a [Place of publication not identified] :  |b [publisher not identified] ;  |c 1986. 
300 |a v, 44 leaves :  |b illustrations ;  |c 28 cm. 
336 |a text  |b txt  |2 rdacontent 
337 |a computer  |b c  |2 rdamedia 
338 |a online resource  |b cr  |2 rdacarrier 
500 |a Major subject: Fisheries Science. 
500 |a Typescript (photocopy). 
500 |a Vita. 
502 |b M. Ag.  |c Texas A&M University  |d 1986. 
504 |a Bibliography: leaves 19-20, 39-43. 
530 |a Also available online. 
650 0 |a Agricultural extension work  |z Taiwan. 
650 0 |a Aquaculture  |z Taiwan. 
650 4 |a Major fisheries science. 
740 3 |a An aquaculture development plan for Taiwan. 
856 4 1 |u https://hdl.handle.net/1969.1/ETD-TAMU-1986-THESIS-C559  |z Link to OAKTrust copy  |t 0 
999 |a MARS 
999 f f |s 447a9018-df05-3a04-b59a-09d4cf07a988  |i e8455997-0f80-31b6-9408-2fe979423c35  |t 0 
952 f f |p noncirc  |a Texas A&M University  |b J.J. Pickle Campus  |c High Density Repository  |s HDR  |d Remote Storage  |t 0  |e 1986 Thesis C559  |h Other scheme  |i computer -- online resource  |m A14839609456 
952 f f |a Texas A&M University  |b College Station  |c Electronic Resources  |s www_evans  |d Available Online  |t 0  |e 1986 Thesis C559  |h Other scheme 
998 f f |a 1986 Thesis C559  |t 0  |l Available Online 
998 f f |a 1986 Thesis C559  |t 0  |l Remote Storage